<?xml version="1.0" encoding="UTF-8"?>
<record
    xmlns:xsi="http://www.w3.org/2001/XMLSchema-instance"
    xsi:schemaLocation="http://www.loc.gov/MARC21/slim http://www.loc.gov/standards/marcxml/schema/MARC21slim.xsd"
    xmlns="http://www.loc.gov/MARC21/slim">

  <leader>01716nam a22002777a 4500</leader>
  <controlfield tag="003">NALT</controlfield>
  <controlfield tag="005">20221108142748.0</controlfield>
  <controlfield tag="008">      s2557    th                  tha d</controlfield>
  <datafield tag="020" ind1=" " ind2=" ">
    <subfield code="a">9786167739502</subfield>
  </datafield>
  <datafield tag="040" ind1=" " ind2=" ">
    <subfield code="a">NALT</subfield>
  </datafield>
  <datafield tag="041" ind1=" " ind2=" ">
    <subfield code="a">tha</subfield>
  </datafield>
  <datafield tag="050" ind1=" " ind2=" ">
    <subfield code="a">TJ 808 </subfield>
    <subfield code="b">&#xE2D;917&#xE1A; 2557</subfield>
  </datafield>
  <datafield tag="100" ind1="0" ind2=" ">
    <subfield code="a">&#xE40;&#xE2D;&#xE2D;&#xE27;&#xE14;&#xE35; &#xE40;&#xE1B;&#xE23;&#xE21;&#xE31;&#xE29;&#xE40;&#xE10;&#xE35;&#xE22;&#xE23;</subfield>
    <subfield code="9">29150</subfield>
  </datafield>
  <datafield tag="245" ind1="1" ind2="0">
    <subfield code="a">&#xE41;&#xE1A;&#xE1A;&#xE08;&#xE33;&#xE25;&#xE2D;&#xE07;&#xE01;&#xE32;&#xE23;&#xE1E;&#xE22;&#xE32;&#xE01;&#xE23;&#xE13;&#xE4C;&#xE01;&#xE32;&#xE23;&#xE1B;&#xE23;&#xE31;&#xE1A;&#xE15;&#xE31;&#xE27;&#xE02;&#xE2D;&#xE07;&#xE20;&#xE32;&#xE04;&#xE01;&#xE32;&#xE23;&#xE40;&#xE01;&#xE29;&#xE15;&#xE23;&#xE44;&#xE17;&#xE22; : &#xE40;&#xE21;&#xE37;&#xE48;&#xE2D;&#xE2D;&#xE49;&#xE2D;&#xE22;&#xE41;&#xE25;&#xE30;&#xE21;&#xE31;&#xE19;&#xE2A;&#xE33;&#xE1B;&#xE30;&#xE2B;&#xE25;&#xE31;&#xE07;&#xE40;&#xE1B;&#xE47;&#xE19;&#xE1E;&#xE37;&#xE0A;&#xE1E;&#xE25;&#xE31;&#xE07;&#xE07;&#xE32;&#xE19;&#xE17;&#xE14;&#xE41;&#xE17;&#xE19; =</subfield>
    <subfield code="b">Agricultural adjustment projection model for energy crops in Thailand : a case study of sugar cane and casave / </subfield>
    <subfield code="c">&#xE40;&#xE2D;&#xE2D;&#xE27;&#xE14;&#xE35; &#xE40;&#xE1B;&#xE23;&#xE21;&#xE31;&#xE29;&#xE40;&#xE10;&#xE35;&#xE22;&#xE23; ; &#xE1A;&#xE23;&#xE23;&#xE13;&#xE32;&#xE18;&#xE34;&#xE01;&#xE32;&#xE23; &#xE2A;&#xE21;&#xE1E;&#xE23; &#xE2D;&#xE34;&#xE28;&#xE27;&#xE34;&#xE25;&#xE32;&#xE19;&#xE19;&#xE17;&#xE4C;, &#xE1B;&#xE34;&#xE22;&#xE30;&#xE17;&#xE31;&#xE28;&#xE19;&#xE4C; &#xE1E;&#xE32;&#xE2C;&#xE2D;&#xE19;&#xE38;&#xE23;&#xE31;&#xE01;&#xE29;&#xE4C;, &#xE0A;&#xE21;&#xE1E;&#xE39;&#xE19;&#xE38;&#xE17; &#xE2A;&#xE27;&#xE19;&#xE01;&#xE23;&#xE30;&#xE15;&#xE48;&#xE32;&#xE22;. </subfield>
  </datafield>
  <datafield tag="260" ind1=" " ind2=" ">
    <subfield code="a">&#xE01;&#xE23;&#xE38;&#xE07;&#xE40;&#xE17;&#xE1E;&#xE2F; : </subfield>
    <subfield code="b">&#xE2A;&#xE16;&#xE32;&#xE1A;&#xE31;&#xE19;&#xE04;&#xE25;&#xE31;&#xE07;&#xE2A;&#xE21;&#xE2D;&#xE07;&#xE02;&#xE2D;&#xE07;&#xE0A;&#xE32;&#xE15;&#xE34;, </subfield>
    <subfield code="c">2557.</subfield>
  </datafield>
  <datafield tag="300" ind1=" " ind2=" ">
    <subfield code="a">1 &#xE40;&#xE25;&#xE48;&#xE21; :</subfield>
    <subfield code="b">&#xE15;&#xE32;&#xE23;&#xE32;&#xE07;, &#xE41;&#xE1C;&#xE19;&#xE20;&#xE39;&#xE21;&#xE34; ;</subfield>
    <subfield code="c">25 &#xE0B;&#xE21;.</subfield>
  </datafield>
  <datafield tag="650" ind1=" " ind2="4">
    <subfield code="a">&#xE41;&#xE01;&#xE2A;&#xE42;&#xE0B;&#xE2E;&#xE2D;&#xE25;</subfield>
    <subfield code="9">29152</subfield>
  </datafield>
  <datafield tag="650" ind1=" " ind2="4">
    <subfield code="a">&#xE40;&#xE2D;&#xE17;&#xE32;&#xE19;&#xE2D;&#xE25;</subfield>
    <subfield code="9">29153</subfield>
  </datafield>
  <datafield tag="650" ind1=" " ind2="0">
    <subfield code="a">&#xE1E;&#xE25;&#xE31;&#xE07;&#xE07;&#xE32;&#xE19;&#xE17;&#xE14;&#xE41;&#xE17;&#xE19;</subfield>
    <subfield code="9">15903</subfield>
  </datafield>
  <datafield tag="700" ind1="0" ind2=" ">
    <subfield code="a">&#xE2A;&#xE21;&#xE1E;&#xE23; &#xE2D;&#xE34;&#xE28;&#xE27;&#xE34;&#xE25;&#xE32;&#xE19;&#xE19;&#xE17;&#xE4C;</subfield>
    <subfield code="9">3970</subfield>
  </datafield>
  <datafield tag="700" ind1="0" ind2=" ">
    <subfield code="a">&#xE1B;&#xE34;&#xE22;&#xE30;&#xE17;&#xE31;&#xE28;&#xE19;&#xE4C; &#xE1E;&#xE32;&#xE2C;&#xE2D;&#xE19;&#xE38;&#xE23;&#xE31;&#xE01;&#xE29;&#xE4C;</subfield>
    <subfield code="9">3968</subfield>
  </datafield>
  <datafield tag="700" ind1="0" ind2=" ">
    <subfield code="9">29151</subfield>
    <subfield code="a">&#xE0A;&#xE21;&#xE1E;&#xE39;&#xE19;&#xE38;&#xE17; &#xE2A;&#xE27;&#xE19;&#xE01;&#xE23;&#xE30;&#xE15;&#xE48;&#xE32;&#xE22;</subfield>
  </datafield>
  <datafield tag="850" ind1=" " ind2=" ">
    <subfield code="a">NALT</subfield>
  </datafield>
  <datafield tag="942" ind1=" " ind2=" ">
    <subfield code="c">GB</subfield>
    <subfield code="2">lcc</subfield>
  </datafield>
  <datafield tag="998" ind1=" " ind2=" ">
    <subfield code="b">&#xE0A;&#xE27;&#xE19;&#xE1E;&#xE34;&#xE0A;&#xE0D;&#xE4C;  &#xE23;&#xE31;&#xE15;&#xE19;&#xE32;&#xE44;&#xE1E;&#xE1A;&#xE39;&#xE25;&#xE22;&#xE4C;</subfield>
    <subfield code="b">phon</subfield>
    <subfield code="c">101</subfield>
    <subfield code="j">104</subfield>
    <subfield code="k"> &#xE19;&#xE32;&#xE07;&#xE2A;&#xE32;&#xE27;&#xE2A;&#xE32;&#xE22;&#xE1D;&#xE19;  &#xE14;&#xE35;&#xE07;&#xE32;&#xE21;</subfield>
  </datafield>
  <datafield tag="999" ind1=" " ind2=" ">
    <subfield code="c">71117</subfield>
    <subfield code="d">71117</subfield>
  </datafield>
  <datafield tag="952" ind1=" " ind2=" ">
    <subfield code="0">0</subfield>
    <subfield code="1">0</subfield>
    <subfield code="2">lcc</subfield>
    <subfield code="4">0</subfield>
    <subfield code="7">0</subfield>
    <subfield code="8">CGBL</subfield>
    <subfield code="a">NALT</subfield>
    <subfield code="b">NALT</subfield>
    <subfield code="c">GEN</subfield>
    <subfield code="d">2022-11-08</subfield>
    <subfield code="e">&#xE1A;&#xE23;&#xE34;&#xE08;&#xE32;&#xE04;</subfield>
    <subfield code="o">TJ 808 &#xE2D;917&#xE1A; 2557</subfield>
    <subfield code="p">3961198129</subfield>
    <subfield code="r">2017-06-09 00:00:00</subfield>
    <subfield code="t">&#xE09;.1</subfield>
    <subfield code="w">2017-06-09</subfield>
    <subfield code="y">GB</subfield>
  </datafield>
  <datafield tag="952" ind1=" " ind2=" ">
    <subfield code="0">0</subfield>
    <subfield code="1">0</subfield>
    <subfield code="2">lcc</subfield>
    <subfield code="4">0</subfield>
    <subfield code="7">0</subfield>
    <subfield code="8">CGBL</subfield>
    <subfield code="a">NALT</subfield>
    <subfield code="b">NALT</subfield>
    <subfield code="c">GEN</subfield>
    <subfield code="d">2022-11-07</subfield>
    <subfield code="e">&#xE1A;&#xE23;&#xE34;&#xE08;&#xE32;&#xE04;</subfield>
    <subfield code="l">1</subfield>
    <subfield code="o">TJ 808 &#xE2D;917&#xE1A; 2557</subfield>
    <subfield code="p">3961198128</subfield>
    <subfield code="r">2022-11-22 00:00:00</subfield>
    <subfield code="s">2022-11-07</subfield>
    <subfield code="t">&#xE09;.2</subfield>
    <subfield code="w">2017-06-09</subfield>
    <subfield code="y">GB</subfield>
  </datafield>
</record>
